5HLuxD.jpg

KING HENRY VIII SENIOR AND PRIMARY SCHOOL LIBRARY OPAC

Auntie Claus and the key to Christmas / (Record no. 4007)

000 -LEADER
fixed length control field 02012cam a2200529 a 4500
001 - CONTROL NUMBER
control field .b15578926
003 - CONTROL NUMBER IDENTIFIER
control field OCoLC
005 - DATE AND TIME OF LATEST TRANSACTION
control field 20241205120825.0
008 - FIXED-LENGTH DATA ELEMENTS--GENERAL INFORMATION
fixed length control field 110102t20112002nyua j 000 1 eng d
020 ## - INTERNATIONAL STANDARD BOOK NUMBER
International Standard Book Number 9780547576794
Qualifying information (pbk.) :
035 ## - SYSTEM CONTROL NUMBER
System control number (OCoLC)694830101
040 ## - CATALOGING SOURCE
Original cataloging agency BTCTA
Language of cataloging eng
Transcribing agency BTCTA
Modifying agency JN4
-- BDX
-- OCLCO
-- OCLCA
-- OCLCQ
-- OCLCO
-- YDXCP
-- OCLCF
-- OCLCO
-- TWWZU
041 0# - LANGUAGE CODE
Language code of text/sound track or separate title eng
042 ## - AUTHENTICATION CODE
Authentication code nbic
043 ## - GEOGRAPHIC AREA CODE
Geographic area code r------
082 0# - DEWEY DECIMAL CLASSIFICATION NUMBER
Item number 813.54 PRI
100 1# - MAIN ENTRY--PERSONAL NAME
Personal name Primavera, Elise.
Relator term aut.
245 10 - TITLE STATEMENT
Title Auntie Claus and the key to Christmas /
Statement of responsibility, etc. Elise Primavera.
250 ## - EDITION STATEMENT
Edition statement 1st ed.
260 ## - PUBLICATION, DISTRIBUTION, ETC.
Place of publication, distribution, etc. [Little Neck, NY] :
Name of publisher, distributor, etc. [Pumpkin Books] ;
Place of publication, distribution, etc. Boston :
Name of publisher, distributor, etc. Houghton, Mifflin, Harcourt,
Date of publication, distribution, etc. [2011], 2002.
300 ## - PHYSICAL DESCRIPTION
Extent 1 volume (unpaged) :
Other physical details color illustrations ;
Dimensions 29 cm.
336 ## - CONTENT TYPE
Content type term text
Content type code txt
Source rdacontent.
337 ## - MEDIA TYPE
Media type term unmediated
Media type code n
Source rdamedia.
338 ## - CARRIER TYPE
Carrier type term volume
Carrier type code nc
Source rdacarrier.
500 ## - GENERAL NOTE
General note Sequel to: Auntie Claus.
500 ## - GENERAL NOTE
General note "Sandpiper."
520 ## - SUMMARY, ETC.
Summary, etc. When Chris expresses doubt about the existence of Santa Claus, his older sister Sophie reveals that their aunt is really Santa's sister and helper and then sends him on a strange journey.
600 00 - SUBJECT ADDED ENTRY--PERSONAL NAME
Personal name Santa Claus
Form subdivision Juvenile fiction.
600 07 - SUBJECT ADDED ENTRY--PERSONAL NAME
Personal name Santa Claus.
Source of heading or term fast
Authority record control number or standard number (OCoLC)fst01105278.
650 #0 - SUBJECT ADDED ENTRY--TOPICAL TERM
Topical term or geographic name entry element Aunts
Form subdivision Juvenile fiction.
650 #1 - SUBJECT ADDED ENTRY--TOPICAL TERM
Topical term or geographic name entry element Aunts
Form subdivision Fiction.
650 #1 - SUBJECT ADDED ENTRY--TOPICAL TERM
Topical term or geographic name entry element Christmas
Form subdivision Fiction.
650 #1 - SUBJECT ADDED ENTRY--TOPICAL TERM
Topical term or geographic name entry element Santa Claus
Form subdivision Fiction.
650 #7 - SUBJECT ADDED ENTRY--TOPICAL TERM
Topical term or geographic name entry element Aunts
Form subdivision Fiction.
Source of heading or term sears.
650 #7 - SUBJECT ADDED ENTRY--TOPICAL TERM
Topical term or geographic name entry element Christmas
Form subdivision Fiction.
Source of heading or term sears.
650 #7 - SUBJECT ADDED ENTRY--TOPICAL TERM
Topical term or geographic name entry element Santa Claus
Form subdivision Fiction.
Source of heading or term sears.
650 #7 - SUBJECT ADDED ENTRY--TOPICAL TERM
Topical term or geographic name entry element Aunts.
Source of heading or term fast
Authority record control number or standard number (OCoLC)fst00821339.
651 #0 - SUBJECT ADDED ENTRY--GEOGRAPHIC NAME
Geographic name North Pole
Form subdivision Juvenile fiction.
651 #1 - SUBJECT ADDED ENTRY--GEOGRAPHIC NAME
Geographic name North Pole
Form subdivision Fiction.
651 #7 - SUBJECT ADDED ENTRY--GEOGRAPHIC NAME
Geographic name North Pole
Form subdivision Fiction.
Source of heading or term sears.
651 #7 - SUBJECT ADDED ENTRY--GEOGRAPHIC NAME
Geographic name Arctic Ocean
Geographic subdivision North Pole.
Source of heading or term fast
Authority record control number or standard number (OCoLC)fst01242502.
655 #0 - INDEX TERM--GENRE/FORM
Genre/form data or focus term Christmas stories.
655 #7 - INDEX TERM--GENRE/FORM
Genre/form data or focus term Christmas stories.
Source of term fast
Authority record control number or standard number (OCoLC)fst01726561.
655 #7 - INDEX TERM--GENRE/FORM
Genre/form data or focus term Fiction.
Source of term fast
Authority record control number or standard number (OCoLC)fst01423787.
655 #7 - INDEX TERM--GENRE/FORM
Genre/form data or focus term Juvenile works.
Source of term fast
Authority record control number or standard number (OCoLC)fst01411637.
942 ## - ADDED ENTRY ELEMENTS (KOHA)
Source of classification or shelving scheme
Koha item type Books - Non Ficton
Holdings
Withdrawn status Lost status Source of classification or shelving scheme Damaged status Not for loan Collection code Permanent Location Current Location Shelving location Date acquired Full call number Barcode Date last seen Price effective from Koha item type
          Non-Fiction KH8 Primary School Library KH8 Primary School Library Non Fiction 2024-12-05 813.54 PRI KHPL000004703 2025-12-05 2024-12-05 Books - Non Ficton

Powered By KH8 IT Dept